000 01145naa a22002897a 4500
001 BR8105675
003 BR-BrBNA
005 20250716171943.0
007 ta
008 250630b bl.|||m| |||| 00| 0 por d
040 _aBR-BrBNA
_bpor
_cBiblioteca Nacional de Agricultura
041 _a(Pt)
072 _aC00; E50
_b/G514
090 _aC00 BR8105675
100 1 _aCalazans, M.J.C.
245 1 _aSeletividade social no mundo rural brasileiro [escola, extensao rural]
500 _aCadernos Sao Paulo, SP (Brasil): 1981. p. 107-137 [Bibliography p. 131-137 (69 ref.)] (BR8105675-AMS)
773 0 _tExperiencias cooperativas no Nordeste [Comunidade rural; Politica social; Cooperativa; Brasil]: Ensaio comparativo /
_aRios, G. - Superintendencia do Desenvolvimento do Nordeste, Recife, PE (Brasil)
_wE50 BR6900293
_gRecife, PE (Brasil), 1969.
_q194 p.
650 _aEDUCACAO
650 _aEXTENSAO RURAL
650 _aCOMUNIDADE RURAL
650 _aESCOLA
650 _aENSINO PRIMARIO
490 _aCadernos - Centro de Estudos Rurais e Urbanos (Brazil)
_vno. 14
942 _cAMS
_2AGRIS
909 _a202506
_bLúcia
_c55
_dLúcia Elande
999 _c333815
_d333815